00569cam a22002291 4500001001300000003000400013005001700017008004100034010001700075035002000092040001800112042001200130043001200142050002000154100003700174245002600211260001600237300001900253500001500272651003500287999001700322ne 63002452 DLC20260227111752.0890620s1961 xx 000 0 ara  ane 63002452  a(OCoLC)23487432 aDLCcMiUdDLC apremarc af-ua---00aDT107.83b.N3731 aNasser, Gamal Abdel,d1918-1970.10aKhuṭab al-raʼīs. c[1961. 197] a111 p.c19 cm. aRomanized. 0aUnited Arab RepublicxHistory. c46463d46463